| 000 | 01187nam0a22002771 4500 | ||
|---|---|---|---|
| 001 | rc\4593065 | ||
| 005 | 20130416192750.3 | ||
| 021 |
_aRU _b68-116121 |
||
| 021 |
_aRU _bРг3129-69 |
||
| 035 | _a(NLR Aleph) 008662664 | ||
| 090 |
_a9071067 _c9071067 |
||
| 100 | _a20130416d1968 |||y0rusy50 ca | ||
| 101 | 0 | _arus | |
| 102 | _aRU | ||
| 105 | _ay z ||||| | ||
| 200 | 1 |
_aМетодические советы по теме: "Книга В.И. Ленина "Что делать?" и ее историческое значение" _fСост. препод., полк. Тихоненко А.К. _gВоен.-инж. ордена Ленина Краснознам. акад. им. В.В. Куйбышева. Кафедра истории КПСС и парт.-полит. работы |
|
| 210 |
_aМосква _cБ. и. _d1968 |
||
| 215 |
_a36 с. _d21 |
||
| 300 | _aОтпеч. множит. аппаратом | ||
| 604 |
_150010$aЧто делать? _1700#1$aЛенин$bВ.И.$f1870-1924$gВладимир Ильич |
||
| 702 | 1 |
_aТихоненко _bА. К. _4220 |
|
| 801 | 0 |
_aRU _bNLR _gpsbo |
|
| 801 | 1 |
_aRU _bELAR _2rusmarc |
|
| 852 |
_aNLR _j69-4/5005 |
||
| 942 | _cBOOK | ||
| 980 | _aNB | ||